000 00855nam a2200229Ii 4500
003 JO-AjNU
008 230605s9999||||xx |||||||||||||| ||und||
017 _a2020/9/3489
020 _a978-9957-18-766-8
040 _aJO-AjNU
_bara
_erda
_cJO-AjNU
041 _aara
050 1 4 _aLB1027 2021
100 3 _aالبراك، مجد ممتاز؛ م.مشارك علي موسى عباس,
_eauthor
_960564
245 0 0 _aطرائق تعليم الابداع والابداع الجاد
250 _aط1
264 3 1 _aعمان: دار المناهج للنشر والتوزيع، 2021
300 _a135ص
336 _atext
_btxt
_2rdacontent
337 _aunmediated
_bn
_2rdamedia
338 _avolume
_bnc
_2rdacarrier
650 4 _aالابداع-التفكير-اساليب التدريس-تطوير التعليم-مستويات التعليم
_960565
999 _aA27317
_c30885
_d30885